000 01557aam a2200325 i 4500
999 _c39410
_d39410
001 768714001
003 CO-MdFUSB
005 20190124211554.0
008 190124t2017 ck ||||| |||| 00| 0 spa d
020 _a958-614-766-5
040 _aCO-MdFUSB
_bspa
_cCO-MdFUSB
_dCO-MdFUSBC
_erda
041 0 _aspa
082 0 4 _a305.242
_222
_bC3551c
100 1 _aCastro Caycedo, Germán (1940-)
_eautor
245 0 _aColombia X
_c/ Germán Castro Caycedo
264 1 _aBogotá, Colombia :
_bPlaneta,
_c[2017]
264 4 _c©2017
300 _a303 páginas
_c; 23 cm.
336 _atexto
_btxt
_2rdacontent
337 _2rdamedia
_asin mediación
_bn
338 _2rdacarrier
_avolumen
_bnc
505 _aPresentación -- noches de cebras -- El océano de las estrellas caídas -- Ay, gorda -- Contra el viento -- A lo bien.
520 _aColombia X es un dedo en la llaga de nuestra despistada sociedad. Cada frase, cada renglón, cada silencio de este libro, arde, hierve, duele, y especialmente sorprende, porque nos demuestra cómo dentro de un país fantástico, viven, pero no conviven, no sólo los cinco países de sus antagónicas geografías signadas por el regionalismo, sino una gran cantidad de ínsulas humanas bien diferenciadas y bien distanciadas por las fatídicas fronteras que los sociólogos llaman las brechas generacionales. / Ignacio Ramírez (El Tiempo)
563 _aRústico.
650 7 _9189
_aCambio social
650 0 _95
_aSociología de la cultura
653 _aDiferencia generacional
653 _aJóvenes
942 _cBK